Szczegóły MARC21

Mechanizmy depozycji w strefie glacimarginalnej zlodowacenia Wisły : studium sedymentologiczne z Pomorza Zachodniego i Jutlandii /

003 -Nazwa inst., której nr kontr. jest w polu 001 [,]
    • @
    • Nazwa instytucji, której n kontrolny jest w polu 001
    • NUKAT
005 -DATA I CZAS OSTATNIEJ MODYFIKACJI [,]
    • @
    • pole kontrolne
    • 20241231090351.0
020 -Międzynarod. znormalizowany nr książki - ISBN [ , ]
    • a
    • Numer ISBN
    • 9788370966515 Find
040 -Instytucja sporządzająca opis [ , ]
    • a
    • Instytucja, która sporządziła opis (NP)
    • BYDG 24/ap
    • c
    • Instytucja, która sporządziła rekord (NP)
    • BYDG 24/ap
    • d
    • Instytucja, która zmodyfikowała rekord (P)
    • BYDG 24/MM
    • d
    • Instytucja, która zmodyfikowała rekord (P)
    • BYDG 24/MSzs
942 -Rodzaj dokumentu [ , ]
    • c
    • Rodzaj dokumentu
    • Książka
100 -Hasło główne - nazwa osobowa [1, ]
    • a
    • Nazwa osobowa (NP)
    • Pisarska-Jamroży, Małgorzata.
    • 9
    • KHW
    • 23393
245 -Strefa tytułu i oznaczenia odpowiedzialności [1,0]
    • a
    • Tytuł
    • Mechanizmy depozycji w strefie glacimarginalnej zlodowacenia Wisły : Find
    • b
    • Ciąg dalszy tytułu (NP)
    • studium sedymentologiczne z Pomorza Zachodniego i Jutlandii / Find
    • c
    • Pozostałe elementy strefy tytułu i oznaczenia odpowiedzialności (NP)
    • Małgorzata Pisarska-Jamroży.
260 -Strefa adresu wydawniczego [ , ]
    • a
    • Miejsce wydania (P)
    • Bydgoszcz :
    • b
    • Nazwa wydawcy (P)
    • Wydawnictwo Uniwersytetu Kazimierza wielkiego,
    • c
    • Data wydania (P)
    • 2008.
300 -Strefa opisu fizycznego [ , ]
    • a
    • Określenie formy książki i/lub objętość (NP)
    • 162, [1] s., [11] s. tabl. kolor. :
    • b
    • Oznaczenie ilustracji (NP)
    • il. kolor. ;
    • c
    • Format (NP)
    • 24 cm.
336 -Typ zawartości [ , ]
    • a
    • Termin opisujący typ zawartości
    • Tekst
    • b
    • Kod określający zawartość
    • txt
    • 2
    • Źródło (terminu i kodu)
    • rdacontent
337 -Typ mediów [ , ]
    • a
    • Tryb odtwarzania
    • Bez urządzenia pośredniczącego
    • b
    • Kod typu mediów
    • n
    • 2
    • Źródło (terminu i kodu)
    • rdamedia
338 -Typ/rodzaj nośnika [ , ]
    • a
    • Hasło opisujące typ nośnika
    • Wolumin
    • b
    • Kod typu nośnika
    • nc
    • 2
    • Źródło (terminu i kodu)
    • rdacarrier
080 -Uniwersalna Klasyfikacja Dziesiętna [ , ]
    • 2
    • Identyfikator wydania tablic
    • UDC-P058
    • 9
    • UKD
    • 4257
    • a
    • Symbol klasyfikacji
    • 551.3.051
    • b
    • Dopowiedzenie
    • Sedymentacja i powstawanie warstw w ogólności.
    • 4
    • UKD2
    • 8697
    • x
    • Poddział wspólny
    • (489)
    • c
    • Dopowiedzenie poddz. wspólnego
    • (Dania).
    • 4
    • UKD2
    • 7642
    • x
    • Poddział wspólny
    • (438)
    • c
    • Dopowiedzenie poddz. wspólnego
    • (Polska).
080 -Uniwersalna Klasyfikacja Dziesiętna [ , ]
    • 2
    • Identyfikator wydania tablic
    • UDC-P058
    • 9
    • UKD
    • 4263
    • a
    • Symbol klasyfikacji
    • 551.42
    • b
    • Dopowiedzenie
    • Wyspy. Archipelagi. Półwyspy.
    • 4
    • UKD2
    • 7642
    • x
    • Poddział wspólny
    • (438)
    • c
    • Dopowiedzenie poddz. wspólnego
    • (Polska).
    • 4
    • UKD2
    • 8697
    • x
    • Poddział wspólny
    • (489)
    • c
    • Dopowiedzenie poddz. wspólnego
    • (Dania).
080 -Uniwersalna Klasyfikacja Dziesiętna [ , ]
    • 2
    • Identyfikator wydania tablic
    • UDC-P058
    • 9
    • UKD
    • 4264
    • a
    • Symbol klasyfikacji
    • 551.43
    • b
    • Dopowiedzenie
    • Struktury i formy ukształtowania powierzchni Ziemi. Góry i doliny. Wyżyny. Równiny. Formy wybrzeży. Mierzeje. Wydmy. Pustynie. Torfowiska. Osuwiska. Atole. Rafy koralowe.
    • 4
    • UKD2
    • 7642
    • x
    • Poddział wspólny
    • (438)
    • c
    • Dopowiedzenie poddz. wspólnego
    • (Polska).
    • 4
    • UKD2
    • 8697
    • x
    • Poddział wspólny
    • (489)
    • c
    • Dopowiedzenie poddz. wspólnego
    • (Dania).
650 -Hasło przedmiotowe [ ,7]
    • a
    • Hasło przedmiotowe
    • Osady glacjalne
    • z
    • Określnik geograficzny
    • Polska
    • z
    • Określnik geograficzny
    • Pomorze Zachodnie (region)
    • y
    • Określnik chronologiczny
    • würm (zlodowacenie).
    • 2
    • Źródło terminu
    • kaba
    • 9
    • KHW
    • 362041
650 -Hasło przedmiotowe [ ,7]
    • a
    • Hasło przedmiotowe
    • Osady glacjalne
    • z
    • Określnik geograficzny
    • Dania
    • z
    • Określnik geograficzny
    • Jutlandzki, Półwysep
    • y
    • Określnik chronologiczny
    • würm (zlodowacenie).
    • 2
    • Źródło terminu
    • kaba
    • 9
    • KHW
    • 362040
650 -Hasło przedmiotowe [ ,7]
    • a
    • Hasło przedmiotowe
    • Sedymentacja (geologia)
    • z
    • Określnik geograficzny
    • Polska
    • z
    • Określnik geograficzny
    • Pomorze Zachodnie (region).
    • 2
    • Źródło terminu
    • kaba
    • 9
    • KHW
    • 362043
650 -Hasło przedmiotowe [ ,7]
    • a
    • Hasło przedmiotowe
    • Sedymentacja (geologia)
    • z
    • Określnik geograficzny
    • Dania
    • z
    • Określnik geograficzny
    • Jutlandzki, Półwysep.
    • 2
    • Źródło terminu
    • kaba
    • 9
    • KHW
    • 362042
980 -Symbol UKD [ , ]
    • a
    • UKD
    • 551.3.051:551.42/.43](438:489)
710 -Hasło dodatkowe - nazwa ciała zbiorowego [2, ]
    • a
    • Nazwa ciała zbiorowego lub nazwa geograficzna jako pierwszy element (NP)
    • Uniwersytet Kazimierza Wielkiego (Bydgoszcz).
    • b
    • Nazwa jednostki podrzędnej (P)
    • Wydawnictwo.
    • 4
    • Kod relacji
    • pbl
    • 9
    • KHW
    • 54390
920 -ISBN [ , ]
    • a
    • ISBN
    • 978-83-7096-651-5 Find
Data inwentaryzacji Lokalizacja Numer inwentarzowy Status udost.
2009-01-07BGZ.1122891